The evolution of the international economic order (Record no. 62913)

MARC details
000 -LEADER
fixed length control field 00932nam a2200193 a 4500
008 - FIXED-LENGTH DATA ELEMENTS--GENERAL INFORMATION
fixed length control field 120416s1978 ||||||||||||||||| || u
020 ## - INTERNATIONAL STANDARD BOOK NUMBER
International Standard Book Number 0691042195
050 ## - LIBRARY OF CONGRESS CALL NUMBER
Classification number HF 1007 Lew
100 ## - MAIN ENTRY--PERSONAL NAME
Personal name Lewis, William Arthur
245 14 - TITLE STATEMENT
Title The evolution of the international economic order
260 ## - PUBLICATION, DISTRIBUTION, ETC.
Place of publication, distribution, etc. New Jersey:
Name of publisher, distributor, etc. Princeton University Press
Date of publication, distribution, etc. 1978
300 ## - PHYSICAL DESCRIPTION
Extent 81p.
350 ## -
-- 0.00
650 #0 - SUBJECT ADDED ENTRY--TOPICAL TERM
Topical term or geographic name entry element INTERNATIONAL ECONOMIC RELATIONS
650 #0 - SUBJECT ADDED ENTRY--TOPICAL TERM
Topical term or geographic name entry element ECONOMICS
995 ## -
-- ANNEX COLLECTION (Main Library)
-- 0.00
-- 705954
-- CBU-MAIN LIBRARY (Kitwe)
-- 1
-- 15.00
-- HF 1007 Lew
-- 1
-- AVAILABLE
-- 004603
-- Annex Low-Usage Collection
995 ## -
-- ANNEX COLLECTION (Main Library)
-- 0.00
-- 705953
-- CBU-MAIN LIBRARY (Kitwe)
-- 2
-- 15.00
-- HF 1007 Lew
-- 2
-- AVAILABLE
-- 004604
-- Annex Low-Usage Collection
995 ## -
-- ANNEX COLLECTION (Main Library)
-- 0.00
-- 712463
-- CBU-MAIN LIBRARY (Kitwe)
-- 3
-- 15.00
-- HF 1007 Lew
-- 3
-- AVAILABLE
-- 004605
-- Annex Low-Usage Collection
999 ## -
-- 62913
-- 62913
Holdings
Withdrawn status Lost status Source of classification or shelving scheme Damaged status Not for loan Permanent Location Current Location Shelving location Date acquired Total Checkouts Full call number Barcode Date last seen Price effective from Koha item type
          CBU-MAIN LIBRARY, KITWE. CBU-MAIN LIBRARY, KITWE.   12/16/2022   HF 1007 Lew 004603 12/16/2022 12/16/2022 MONOGRAPH
          CBU-MAIN LIBRARY, KITWE. CBU-MAIN LIBRARY, KITWE.   12/16/2022   HF 1007 Lew 004604 12/16/2022 12/16/2022 MONOGRAPH
          CBU-MAIN LIBRARY, KITWE. CBU-MAIN LIBRARY, KITWE.   12/16/2022   HF 1007 Lew 004605 12/16/2022 12/16/2022 MONOGRAPH